Les diverses interprétations patristiques des quatre vivants d'Ezechiel 1,10 et de l'Apocalypse 4,6 jusqu'au XII siècle (Record no. 538839)
[ view plain ]
| 000 -CABECERA | |
|---|---|
| Campo de control de longitud fija | 00530nab a2200145Ia 4500 |
| 003 - IDENTIFICADOR DEL NÚMERO DE CONTROL | |
| Campo de control | ES-SlBCS |
| 005 - FECHA Y HORA DE LA ÚLTIMA TRANSACCIÓN | |
| Campo de control | 20210601125952.0 |
| 008 - CÓDIGOS DE INFORMACIÓN DE LONGITUD FIJA | |
| Campo de control de longitud fija | 140529s2001 xxu||||| |||| 00| 0 fre d |
| 041 ## - CÓDIGO DE LENGUA | |
| Código de lengua del texto/banda sonora o título independiente | fre |
| 100 1# - PUNTO DE ACCESO PRINCIPAL-NOMBRE DE PERSONA | |
| Nombre de persona | Paciorek, Piotr |
| 9 (RLIN) | 166589 |
| 245 00 - MENCIÓN DE TÍTULO | |
| Título | Les diverses interprétations patristiques des quatre vivants d'Ezechiel 1,10 et de l'Apocalypse 4,6 jusqu'au XII siècle |
| Mención de responsabilidad, etc. | Piotr Paciorek |
| 600 1# - PUNTO DE ACCESO ADICIONAL DE MATERIA-NOMBRE DE PERSONA | |
| Nombre personal | Ezequiel 1,10-Los Cuatro Vivientes |
| 9 (RLIN) | 166590 |
| 773 0# - ENLACE AL DOCUMENTO FUENTE | |
| Título | Augustiniana |
| Parte(s) relacionada(s) | vol. 51, nº. 1-2, 2001, págs. 151-218 |
| Número de control del registro relacionado | Rev71 |
| 942 ## - ENTRADA DE ELEMENTOS AGREGADOS (KOHA) | |
| Koha [por defecto] tipo de item | Artículos de revista |
| Suprimido | Perdido | Estropeado | No para préstamo | Localización permanente | Localización actual | Localización en estantería | Fecha adquisición | Préstamos totales | Fecha última consulta | Fecha del precio de reemplazo | Tipo de item de Koha |
|---|---|---|---|---|---|---|---|---|---|---|---|
| San Esteban | San Esteban | Depósito de revistas | 11/07/2014 | 11/07/2014 | 11/07/2014 | Artículos de revista |
